000 00635nam a2200241Ia 4500
003 OSt
005 20220924153624.0
006 a|||||r|||| 00| 0
007 ta
008 220923b |||||||| |||| 00| 0 tam d
024 _a351023
037 _cTextual
040 _aARTS
_cARTS
_btam
041 _2tam
_atam
082 _aO31,3NPU:g, P5
100 _aRamaswamy Kamala Au.
_9229403
245 0 _aPutumaippittan katalkal
_b kuripputu
260 _c2005
650 _a TAMIL LITERATURE
650 _aTAMIL FICTION
942 _hO31,3NPU:g, P5
_cTEXL
_2CC
999 _c474279
_d474279